| 000 -LEADER |
| fixed length control field |
01027cam a22002777i 4500 |
| 001 - CONTROL NUMBER |
| control field |
3397 |
| 003 - CONTROL NUMBER IDENTIFIER |
| control field |
BD-DhUAP |
| 005 - DATE AND TIME OF LATEST TRANSACTION |
| control field |
20200223164609.0 |
| 008 - FIXED-LENGTH DATA ELEMENTS--GENERAL INFORMATION |
| fixed length control field |
200223s1999 sz a 000 0 eng d |
| 020 ## - INTERNATIONAL STANDARD BOOK NUMBER |
| International Standard Book Number |
3764359056 |
| 020 ## - INTERNATIONAL STANDARD BOOK NUMBER |
| International Standard Book Number |
9783764359058 |
| 020 ## - INTERNATIONAL STANDARD BOOK NUMBER |
| International Standard Book Number |
0817659056 |
| 020 ## - INTERNATIONAL STANDARD BOOK NUMBER |
| International Standard Book Number |
9780817659059 |
| 040 ## - CATALOGING SOURCE |
| Original cataloging agency |
OSU |
| Language of cataloging |
eng |
| Description conventions |
rda |
| Transcribing agency |
OSU |
| Modifying agency |
IXA |
| -- |
TJC |
| -- |
MUQ |
| -- |
OCLCQ |
| -- |
BAKER |
| -- |
YDXCP |
| -- |
OCLCG |
| -- |
DRB |
| -- |
OCLCG |
| -- |
AU@ |
| -- |
HEBIS |
| -- |
OCLCA |
| -- |
NJI |
| -- |
OCLCF |
| -- |
OCLCO |
| -- |
OCLCQ |
| -- |
DEBBG |
| -- |
OCLCQ |
| -- |
OCL |
| -- |
OCLCQ |
| -- |
OCLCO |
| -- |
AVA |
| -- |
CEF |
| -- |
TKN |
| -- |
HCO |
| -- |
CRU |
| -- |
FQG |
| -- |
CPS |
| -- |
OCLCQ |
| -- |
OCLCO |
| -- |
CNO |
| -- |
NJR |
| -- |
CTL |
| -- |
IOG |
| -- |
OCLCQ |
| -- |
BD-DhUAP |
| 042 ## - AUTHENTICATION CODE |
| Authentication code |
lccopycat |
| 043 ## - GEOGRAPHIC AREA CODE |
| Geographic area code |
n-us--- |
| 082 04 - DEWEY DECIMAL CLASSIFICATION NUMBER |
| Classification number |
720.92 BLA |
| Edition number |
23 |
| 100 1# - MAIN ENTRY--PERSONAL NAME |
| Personal name |
Blake, Peter. |
| 245 14 - TITLE STATEMENT |
| Title |
The architecture of Ulrich Franzen : |
| Remainder of title |
selected works / |
| Statement of responsibility, etc. |
Peter Blake. |
| 264 #1 - PRODUCTION, PUBLICATION, DISTRIBUTION, MANUFACTURE, AND COPYRIGHT NOTICE |
| Place of production, publication, distribution, manufacture |
Berlin : |
| Name of producer, publisher, distributor, manufacturer |
Birkhauser, |
| Date of production, publication, distribution, manufacture, or copyright notice |
c1999. |
| 300 ## - PHYSICAL DESCRIPTION |
| Extent |
198 pages : |
| Other physical details |
illustrations ; |
| Dimensions |
22 cm |
| 650 #0 - SUBJECT ADDED ENTRY--TOPICAL TERM |
| Topical term or geographic name entry element |
Architecture |
| Geographic subdivision |
United States |
| General subdivision |
History |
| Chronological subdivision |
20th century. |
| 650 #6 - SUBJECT ADDED ENTRY--TOPICAL TERM |
| Topical term or geographic name entry element |
Architecture |
| Geographic subdivision |
États-Unis |
| Chronological subdivision |
20e siècle. |
| 650 #6 - SUBJECT ADDED ENTRY--TOPICAL TERM |
| Topical term or geographic name entry element |
Architecture |
| Geographic subdivision |
États-Unis. |
| 942 ## - ADDED ENTRY ELEMENTS (KOHA) |
| Source of classification or shelving scheme |
|
| Koha item type |
Book |